Participación comunal en asignaciones familiares (obras y actividades de las asociaciones de desarrollo comunal)

Guardado en:
Bibliografiske detaljer
Institution som forfatter: Costa Rica. Ministerio de Gobernación. Dirección Nacional de Desarrollo de la Comunidad
Format: Texto
Udgivet: San José: DINADECO
Fag:
Tags: Tilføj Tag
Ingen Tags, Vær først til at tagge denne postø!

MARC

LEADER 00000 a a2200000 04500
001 15616
003
040
090 |a 015700  
110 |a Costa Rica. Ministerio de Gobernación. Dirección Nacional de Desarrollo de la Comunidad  
245 |a Participación comunal en asignaciones familiares (obras y actividades de las asociaciones de desarrollo comunal)  
260 |a San José:   |b DINADECO  
300 |a 8; 120 p.  
650 |a DESARROLLO DE LA COMUNIDAD  
650 |a ASIGNACION DE RECURSOS  
999 |c 310  |d 310